000 00338nam a2200133Ia 4500
008 260604s9999 xx 000 0 und d
020 _a9781032608112
082 _a330 CHA
100 _aShiladitya chatterjee
_935686
245 0 _aInclusive Economic Growth in India
260 _bRoutledge
500 _aEconomy, Development
942 _cBK
999 _c8510
_d8510